Capitals of South America - Statistics

General Stats
  • This quiz has been taken 17 times
  • The average score is 10 of 12
Answer Stats
Hint Answer % Correct
Brazil Brasilia
100%
Argentina Buenos Aires
94%
Peru Lima
94%
Colombia Bogotá
88%
Venezuela Caracas
88%
Uruguay Montevideo
88%
Chile Santiago
88%
Ecuador Quito
81%
Bolivia Sucre / La Paz
81%
Paraguay Asunción
69%
Guyana Georgetown
56%
Suriname Paramaribo
44%
No matching quizzes found
Score Distribution
Percent of People with Each Score
Percentile by Number Answered
Your Score History
You have not taken this quiz